Employment services and the labour market in the Slovak Republic in 2000

Služby zamestnanosti. Národný úrad práce na Slovensku. Analýza trhu práce v roku 2000. Zamestnanosť. Nezamestnanosť. Politika trhu práce. Vzdelávacie programy. Medzinárodná spolupráca. Európska integrácia. Medzinárodné projekty.

Saved in:
Bibliographic Details
Main Author: Šumný, Jaroslav
Format: Book Chapter
Language:English
Subjects:
Tags: Add Tag
No Tags, Be the first to tag this record!

MARC

LEADER 00000naa a2200000 4500
001 r043332
005 20231004090942.4
041 0 |a eng 
044 |a CZ 
245 1 0 |a Employment services and the labour market in the Slovak Republic in 2000  |c Jaroslav Šumný [et. al.] 
520 |a Služby zamestnanosti. Národný úrad práce na Slovensku. Analýza trhu práce v roku 2000. Zamestnanosť. Nezamestnanosť. Politika trhu práce. Vzdelávacie programy. Medzinárodná spolupráca. Európska integrácia. Medzinárodné projekty. 
610 2 0 |a politika zamestnanosti 
610 2 0 |a trh práce 
610 2 0 |a Slovensko 
610 2 0 |a 2000 
610 2 0 |a zamestnanosť 
610 2 0 |a nezamestnanosť 
610 2 0 |a služby 
610 2 0 |a úrady práce 
610 2 0 |a integrácia 
610 2 0 |a Európska únia 
100 1 |a Šumný, Jaroslav